El paisaje mexicano en la pintura del siglo XIX y principios del XX (Record no. 19)

MARC details
000 -CABECERA
campo de control de longitud fija 01008nam a2200229 a 4500
001 - NÚMERO DE CONTROL
campo de control BRCA_19
005 - FECHA Y HORA DE LA ÚLTIMA TRANSACCIÓN
campo de control 20190320202839.0
008 - DATOS DE LONGITUD FIJA--INFORMACIÓN GENERAL
campo de control de longitud fija 931117s1991 mx-a---##b---#000-0#spa-#
040 ## - FUENTE DE LA CATALOGACIÓN
Centro catalogador/agencia de origen DLC
Centro/agencia transcriptor DLC
Centro/agencia modificador DLC
050 #4 - SIGNATURA TOPOGRÁFICA DE LA BIBLIOTECA DEL CONGRESO
Número de clasificación ND1367.M4
Número de documento/Ítem .F47 1991
100 1# - ENTRADA PRINCIPAL--NOMBRE DE PERSONA
Nombre de persona Fernández Ruiz, Consuelo
9 (RLIN) 92
245 10 - MENCIÓN DE TÍTULO
Título El paisaje mexicano en la pintura del siglo XIX y principios del XX
Mención de responsabilidad, etc. textos Consuelo Fernández Ruiz, Leticia Gámez Ludgar, María de los Angeles Sobrino Figueroa ; fotografía Enrique Salazar e Híjar.
260 ## - PUBLICACIÓN, DISTRIBUCIÓN, ETC.
Lugar de publicación, distribución, etc. [México]
Nombre del editor, distribuidor, etc. Fomento Cultural Banamex
Fecha de publicación, distribución, etc. 1991
300 ## - DESCRIPCIÓN FÍSICA
Extensión 93 p.
Otras características físicas il. a color
Dimensiones 28 cm.
500 ## - NOTA GENERAL
Nota general Catálogo de la exposición realizada en el Palacio de Iturbide (Ciudad de México), junio-octubre, 1991.
500 ## - NOTA GENERAL
Nota general Estado físico: encuadernado, enero 2013
504 ## - NOTA DE BIBLIOGRAFÍA, ETC.
Nota de bibliografía, etc. Bibliografía: p. 91-93
650 14 - PUNTO DE ACCESO ADICIONAL DE MATERIA--TÉRMINO DE MATERIA
Término de materia o nombre geográfico como elemento de entrada Pinturas paisajista mexicana
Subdivisión de forma Exposiciones
Subdivisión cronológica Siglos XIX-XX
9 (RLIN) 93
700 1# - PUNTO DE ACCESO ADICIONAL--NOMBRE DE PERSONA
Nombre de persona Gámez Ludgar, Leticia
9 (RLIN) 94
700 1# - PUNTO DE ACCESO ADICIONAL--NOMBRE DE PERSONA
Nombre de persona Sobrino Figueroa, María de los Angeles
9 (RLIN) 95
942 ## - ELEMENTOS DE PUNTO DE ACCESO ADICIONAL (KOHA)
Fuente del sistema de clasificación o colocación Library of Congress Classification
Tipo de ítem Koha Libros
Holdings
Estado de retiro Estado de pérdida Estado dañado No para préstamo Localización permanente Ubicación/localización actual Fecha de adquisición Total de préstamos Signatura topográfica completa Código de barras Fecha visto por última vez Precio válido a partir de Tipo de ítem Koha
El ejemplar forma parte de la colección y puede ser consultado según las políticas vigentes.       Biblioteca del Museo Franz Mayer (Rogerio Casas-Alatriste) Biblioteca del Museo Franz Mayer (Rogerio Casas-Alatriste) 24/06/2008   ND1367.M4 .F47 1991 00015_1 23/03/2019 23/03/2019 Libros